| 000 | 00886cam a2200241Ii 4500 | ||
|---|---|---|---|
| 020 | _a1441963359 (ebk.) | ||
| 020 | _a9781441963352 (ebk.) | ||
| 040 | _cGW5XE | ||
| 082 | 0 | 4 | _a631 ALI 2010 A006 Or. |
| 100 | 1 | _aAli, M. H. | |
| 245 | 1 | 0 | _aFundamentals of irrigation and on-farm water management. |
| 300 |
_a1 online resource (xxii, 560 pages) : _billustrations (some color) |
||
| 500 | _aTitle from title page of source document | ||
| 650 | 0 | _aIrrigation engineering. | |
| 650 | 0 | _aIrrigation farming. | |
| 650 | 0 | _aWater in agriculture. | |
| 650 | 0 | _aWater-supply, Agricultural. | |
| 710 | 2 | _aOhio Library and Information Network. | |
| 856 | 4 | 0 | _uhttp://rave.ohiolink.edu/ebooks/ebc/9781441963352 |
| 856 | 4 | 0 | _uhttp://dx.doi.org/10.1007/978-1-4419-6335-2 |
| 856 | 4 | 0 | _uhttp://proxy.ohiolink.edu:9099/login?url=http://dx.doi.org/10.1007/978-1-4419-6335-2 |
| 942 | _cAEDBB | ||
| 999 |
_c20799 _d20799 |
||